<?xml version="1.0" encoding="UTF-8"?>
<record
    xmlns:xsi="http://www.w3.org/2001/XMLSchema-instance"
    xsi:schemaLocation="http://www.loc.gov/MARC21/slim http://www.loc.gov/standards/marcxml/schema/MARC21slim.xsd"
    xmlns="http://www.loc.gov/MARC21/slim">

  <leader>01400nam a2200325 a 4500</leader>
  <controlfield tag="001">51202</controlfield>
  <controlfield tag="003">BD-RjUL</controlfield>
  <controlfield tag="005">20211209075626.0</controlfield>
  <controlfield tag="008">160830m19961992bg a|||| |||| 00| 0 ben d</controlfield>
  <datafield tag="020" ind1=" " ind2=" ">
    <subfield code="c">: Tk. 200.00</subfield>
    <subfield code="a">9844550904 (V-8)</subfield>
  </datafield>
  <datafield tag="020" ind1=" " ind2=" ">
    <subfield code="c">: Tk. 240.00</subfield>
    <subfield code="a">9844550890 (V-7)</subfield>
  </datafield>
  <datafield tag="020" ind1=" " ind2=" ">
    <subfield code="c">: Tk. 200.00</subfield>
    <subfield code="a">9844550882 (V-6)</subfield>
  </datafield>
  <datafield tag="020" ind1=" " ind2=" ">
    <subfield code="c">: Tk. 200.00</subfield>
    <subfield code="a">9844550874 (V-5)</subfield>
  </datafield>
  <datafield tag="020" ind1=" " ind2=" ">
    <subfield code="c">: Tk. 200.00</subfield>
    <subfield code="a">9844550289 (V-4)</subfield>
  </datafield>
  <datafield tag="020" ind1=" " ind2=" ">
    <subfield code="c">: Tk. 200.00</subfield>
    <subfield code="a">984455022X (V-3)</subfield>
  </datafield>
  <datafield tag="035" ind1=" " ind2=" ">
    <subfield code="a">(BD-RjUL)51322</subfield>
  </datafield>
  <datafield tag="040" ind1=" " ind2=" ">
    <subfield code="a">BD-RjUL</subfield>
    <subfield code="b">ben</subfield>
    <subfield code="c">BD-RjUL</subfield>
  </datafield>
  <datafield tag="041" ind1=" " ind2=" ">
    <subfield code="a">ben</subfield>
  </datafield>
  <datafield tag="082" ind1=" " ind2=" ">
    <subfield code="2">23</subfield>
    <subfield code="a">891.44209</subfield>
    <subfield code="b">ASA 1996</subfield>
  </datafield>
  <datafield tag="100" ind1="1" ind2=" ">
    <subfield code="a">&#x986;&#x9B8;&#x995;&#x9BE;&#x9B0;</subfield>
    <subfield code="9">153117</subfield>
  </datafield>
  <datafield tag="245" ind1="1" ind2="0">
    <subfield code="a">&#x986;&#x9B8;&#x995;&#x9BE;&#x9B0; &#x9B0;&#x99A;&#x9A8;&#x9BE;&#x9AC;&#x9B2;&#x9C0; /</subfield>
    <subfield code="c">&#x9B8;&#x9AE;&#x9CD;&#x9AA;&#x9BE;&#x9A6;&#x9A8;&#x9BE; &#x986;&#x9AC;&#x9BF;&#x9A6; &#x986;&#x99C;&#x9BE;&#x9A6;, &#x9AE;&#x9BE;&#x9B9;&#x9AC;&#x9C1;&#x9AC; &#x9B9;&#x9BE;&#x9B8;&#x9BE;&#x9A8;</subfield>
  </datafield>
  <datafield tag="260" ind1=" " ind2=" ">
    <subfield code="a">&#x9A2;&#x9BE;&#x995;&#x9BE; : </subfield>
    <subfield code="b">&#x9B6;&#x9BF;&#x9B2;&#x9CD;&#x9AA; &#x9A4;&#x9B0;&#x9C1; &#x9AA;&#x9CD;&#x9B0;&#x995;&#x9BE;&#x9B6;&#x9A8;&#x9BE;:, </subfield>
    <subfield code="c">&#x9E7;&#x9EF;&#x9EF;&#x9EC;</subfield>
  </datafield>
  <datafield tag="300" ind1=" " ind2=" ">
    <subfield code="a"> &#x996;&#x9A3;&#x9CD;&#x9A1;. : </subfield>
    <subfield code="b">&#x99A;&#x9BF;&#x9A4;&#x9CD;&#x9B0; ; </subfield>
    <subfield code="c">&#x9E7;&#x9EF; &#x9B8;&#x9C7;&#x9AE;&#x9BF;. </subfield>
  </datafield>
  <datafield tag="505" ind1="0" ind2=" ">
    <subfield code="a">  &#x996;&#x9A3;&#x9CD;&#x9A1;.&#x9E7; -- &#x996;&#x9A3;&#x9CD;&#x9A1;.&#x9E8;-- &#x996;&#x9A3;&#x9CD;&#x9A1;.&#x9E9;-- &#x996;&#x9A3;&#x9CD;&#x9A1;.&#x9EA;-- &#x996;&#x9A3;&#x9CD;&#x9A1;.&#x9EB;--&#x996;&#x9A3;&#x9CD;&#x9A1;.&#x9EC;--&#x996;&#x9A3;&#x9CD;&#x9A1;.&#x9ED;--&#x996;&#x9A3;&#x9CD;&#x9A1;.&#x9EE;--</subfield>
  </datafield>
  <datafield tag="650" ind1=" " ind2=" ">
    <subfield code="a">&#x9AC;&#x9BE;&#x982;&#x9B2;&#x9BE; &#x9A8;&#x9BE;&#x99F;&#x995; </subfield>
    <subfield code="x">&#x9B8;&#x982;&#x997;&#x9CD;&#x9B0;&#x9B9;</subfield>
    <subfield code="9">126906</subfield>
  </datafield>
  <datafield tag="650" ind1=" " ind2=" ">
    <subfield code="a">Bengali Drama</subfield>
    <subfield code="x">Collection</subfield>
    <subfield code="9">126907</subfield>
  </datafield>
  <datafield tag="700" ind1=" " ind2=" ">
    <subfield code="a">&#x986;&#x99C;&#x9BE;&#x9A6;,  &#x986;&#x9AC;&#x9BF;&#x9A6;, &#x9B8;&#x9AE;&#x9CD;&#x9AA;&#x9BE;&#x9A6;&#x995;</subfield>
    <subfield code="9">153184</subfield>
  </datafield>
  <datafield tag="700" ind1=" " ind2=" ">
    <subfield code="a">&#x9B9;&#x9BE;&#x9B8;&#x9BE;&#x9A8;, &#x9AE;&#x9BE;&#x9B9;&#x9AC;&#x9C1;&#x9AC; </subfield>
    <subfield code="9">147010</subfield>
  </datafield>
  <datafield tag="942" ind1=" " ind2=" ">
    <subfield code="2">ddc</subfield>
    <subfield code="c">BK</subfield>
  </datafield>
  <datafield tag="999" ind1=" " ind2=" ">
    <subfield code="c">51202</subfield>
    <subfield code="d">51202</subfield>
  </datafield>
  <datafield tag="952" ind1=" " ind2=" ">
    <subfield code="0">0</subfield>
    <subfield code="1">0</subfield>
    <subfield code="2">ddc</subfield>
    <subfield code="4">0</subfield>
    <subfield code="7">0</subfield>
    <subfield code="8">NFIC</subfield>
    <subfield code="a">RUCL</subfield>
    <subfield code="b">RUCL</subfield>
    <subfield code="c">Stack</subfield>
    <subfield code="d">0000-00-00</subfield>
    <subfield code="e">Fajlul Haque Tuhin</subfield>
    <subfield code="g">0.00</subfield>
    <subfield code="l">1</subfield>
    <subfield code="o">B 891.44208 ASA V-8 1996</subfield>
    <subfield code="r">2020-02-06 00:00:00</subfield>
    <subfield code="s">2020-02-04</subfield>
    <subfield code="t">C-2</subfield>
    <subfield code="w">2021-12-09</subfield>
    <subfield code="y">BK</subfield>
  </datafield>
  <datafield tag="952" ind1=" " ind2=" ">
    <subfield code="0">0</subfield>
    <subfield code="1">0</subfield>
    <subfield code="2">ddc</subfield>
    <subfield code="4">0</subfield>
    <subfield code="7">0</subfield>
    <subfield code="8">NFIC</subfield>
    <subfield code="a">RUCL</subfield>
    <subfield code="b">RUCL</subfield>
    <subfield code="c">Stack</subfield>
    <subfield code="d">0000-00-00</subfield>
    <subfield code="e">Fajlul Haque Tuhin</subfield>
    <subfield code="g">0.00</subfield>
    <subfield code="l">1</subfield>
    <subfield code="o">B 891.44208 ASA V-7  1996</subfield>
    <subfield code="r">2020-02-06 00:00:00</subfield>
    <subfield code="s">2020-02-04</subfield>
    <subfield code="t">C-2</subfield>
    <subfield code="w">2016-08-30</subfield>
    <subfield code="y">BK</subfield>
  </datafield>
  <datafield tag="952" ind1=" " ind2=" ">
    <subfield code="0">0</subfield>
    <subfield code="1">0</subfield>
    <subfield code="2">ddc</subfield>
    <subfield code="4">0</subfield>
    <subfield code="7">0</subfield>
    <subfield code="8">NFIC</subfield>
    <subfield code="a">RUCL</subfield>
    <subfield code="b">RUCL</subfield>
    <subfield code="c">Stack</subfield>
    <subfield code="d">0000-00-00</subfield>
    <subfield code="e">Fajlul Haque Tuhin</subfield>
    <subfield code="g">0.00</subfield>
    <subfield code="l">1</subfield>
    <subfield code="o">B 891.44208 ASA V-6  1996</subfield>
    <subfield code="r">2020-02-06 00:00:00</subfield>
    <subfield code="s">2020-02-04</subfield>
    <subfield code="t">C-2</subfield>
    <subfield code="w">2016-08-30</subfield>
    <subfield code="y">BK</subfield>
  </datafield>
  <datafield tag="952" ind1=" " ind2=" ">
    <subfield code="0">0</subfield>
    <subfield code="1">0</subfield>
    <subfield code="2">ddc</subfield>
    <subfield code="4">0</subfield>
    <subfield code="7">0</subfield>
    <subfield code="8">NFIC</subfield>
    <subfield code="a">RUCL</subfield>
    <subfield code="b">RUCL</subfield>
    <subfield code="c">Stack</subfield>
    <subfield code="d">0000-00-00</subfield>
    <subfield code="e">Fajlul Haque Tuhin</subfield>
    <subfield code="g">0.00</subfield>
    <subfield code="l">1</subfield>
    <subfield code="o">B 891.44208 ASA V-5  1995</subfield>
    <subfield code="r">2020-02-06 00:00:00</subfield>
    <subfield code="s">2020-02-04</subfield>
    <subfield code="t">C-2</subfield>
    <subfield code="w">2016-08-30</subfield>
    <subfield code="y">BK</subfield>
  </datafield>
  <datafield tag="952" ind1=" " ind2=" ">
    <subfield code="0">0</subfield>
    <subfield code="1">0</subfield>
    <subfield code="2">ddc</subfield>
    <subfield code="4">0</subfield>
    <subfield code="7">0</subfield>
    <subfield code="8">NFIC</subfield>
    <subfield code="a">RUCL</subfield>
    <subfield code="b">RUCL</subfield>
    <subfield code="c">Stack</subfield>
    <subfield code="d">0000-00-00</subfield>
    <subfield code="e">Fajlul Haque Tuhin</subfield>
    <subfield code="g">0.00</subfield>
    <subfield code="l">1</subfield>
    <subfield code="o">B 891.44208 ASA V-4  1993</subfield>
    <subfield code="r">2020-02-06 00:00:00</subfield>
    <subfield code="s">2020-02-04</subfield>
    <subfield code="t">C-2</subfield>
    <subfield code="w">2016-08-30</subfield>
    <subfield code="y">BK</subfield>
  </datafield>
  <datafield tag="952" ind1=" " ind2=" ">
    <subfield code="0">0</subfield>
    <subfield code="1">0</subfield>
    <subfield code="2">ddc</subfield>
    <subfield code="4">0</subfield>
    <subfield code="7">0</subfield>
    <subfield code="8">NFIC</subfield>
    <subfield code="a">RUCL</subfield>
    <subfield code="b">RUCL</subfield>
    <subfield code="c">Stack</subfield>
    <subfield code="d">0000-00-00</subfield>
    <subfield code="e">Fajlul Haque Tuhin</subfield>
    <subfield code="g">0.00</subfield>
    <subfield code="l">1</subfield>
    <subfield code="o">B 891.44208 ASA V-3  1993</subfield>
    <subfield code="r">2020-02-06 00:00:00</subfield>
    <subfield code="s">2020-02-04</subfield>
    <subfield code="t">C-2</subfield>
    <subfield code="w">2016-08-30</subfield>
    <subfield code="y">BK</subfield>
  </datafield>
  <datafield tag="952" ind1=" " ind2=" ">
    <subfield code="0">0</subfield>
    <subfield code="1">0</subfield>
    <subfield code="2">ddc</subfield>
    <subfield code="4">0</subfield>
    <subfield code="7">1</subfield>
    <subfield code="8">NFIC</subfield>
    <subfield code="a">RUCL</subfield>
    <subfield code="b">RUCL</subfield>
    <subfield code="c">Reading</subfield>
    <subfield code="d">2004-10-11</subfield>
    <subfield code="e">Fazlul Haque Tuhin</subfield>
    <subfield code="l">0</subfield>
    <subfield code="o">B 891.44209 ASA V-1 1992</subfield>
    <subfield code="r">2017-02-13 00:00:00</subfield>
    <subfield code="t">C-1</subfield>
    <subfield code="w">2017-02-13</subfield>
    <subfield code="y">BK</subfield>
  </datafield>
  <datafield tag="952" ind1=" " ind2=" ">
    <subfield code="0">0</subfield>
    <subfield code="1">0</subfield>
    <subfield code="2">ddc</subfield>
    <subfield code="4">0</subfield>
    <subfield code="7">1</subfield>
    <subfield code="8">NFIC</subfield>
    <subfield code="a">RUCL</subfield>
    <subfield code="b">RUCL</subfield>
    <subfield code="c">Reading</subfield>
    <subfield code="d">2004-10-11</subfield>
    <subfield code="e">Fazlul Haque Tuhin</subfield>
    <subfield code="l">0</subfield>
    <subfield code="o">B 891.44209 ASA V-2 1992</subfield>
    <subfield code="r">2017-02-13 00:00:00</subfield>
    <subfield code="t">C-1</subfield>
    <subfield code="w">2017-02-13</subfield>
    <subfield code="y">BK</subfield>
  </datafield>
</record>
